000 00544nam a2200217Ia 4500
003 OSt
005 20220928142751.0
006 a|||||r|||| 00| 0
007 ta
008 220927b |||||||| |||| 00| 0 eng d
024 _a20074
037 _cTextual
040 _aSDCL
_cSDCL
_beng
041 _2eng
_aeng
082 _aP15,Cx1,1, M7
100 _aTripathi Ram Prasad
_9500232
245 0 _aSiddhant chintamani.
260 _c1987
942 _hP15,Cx1,1, M7
_cTEXL
_2CC
999 _c822212
_d822212